{"text_format":"1","workbook":"xlsx","n_sheets":2,"sheets":["НАКЛАДНАЯ","ПРАЙС"],"not_rendered":{"charts":0,"images":0,"macros":1,"external_links":0,"defined_names":4,"comments":0,"pivot_tables":0},"unopened":[],"bounds":{"document_bytes":16777216,"sheet_cells":100000,"rows_first":2000,"rows_last":500,"rows_between":2000,"halvings":0,"cell_chars":16384,"cell_head_chars":4096},"cells_cut":0,"cells_raw":0,"read":"whole","date_system":"1900"}

{"sheet":"НАКЛАДНАЯ","index":0,"n_rows":14,"n_cols":6,"rows_kept":14,"cut":false,"hidden":false,"merged":[]}
[]
[null,"Накладная № от \"__\"__________2015г."]
[]
[null,"Грузоотправитель:"]
[]
[null,"Грузополучатель:"]
[]
["№","Наименование","Ед. изм.","Кол-во","Цена","Сумма"]
[1,"Труба  1216 Есо pipe","шт",1,73,73]
[2,"Труба  1620 Есо pipe","шт",2,96,192]
[3,"Труба  2026 Есо pipe","шт",3,140,420]
[4,"Труба  2632 Есо pipe","шт",4,185,740]
[]
[null,null,null,"Итого",494]

{"sheet":"ПРАЙС","index":1,"n_rows":1288,"n_cols":5,"rows_kept":1288,"cut":false,"hidden":false,"merged":[[1,0,1,4],[210,0,210,4],[376,0,376,4],[521,0,521,4],[596,0,596,4],[720,0,720,4],[848,0,848,4],[983,0,983,4],[1162,0,1162,4],[1287,1,1287,3]]}
["Наименование","Ед. изм.","Кол-во","Цена","Сумма"]
["МЕТАПОЛ"]
["Труба  1216 Есо pipe","шт",1,73,73]
["Труба  1620 Есо pipe","шт",2,96,192]
["Труба  2026 Есо pipe","шт",3,140,420]
["Труба  2632 Есо pipe","шт",4,185,740]
["Опора (Ду-16)","шт",null,3]
["Опора одинарная (20)","шт",null,4]
["Опора одинарная (25)","шт",null,4]
["Опора одинарная (32)","шт",null,6]
["Опора одинарная (40)","шт",null,10]
["Колено LL 16","шт",null,156]
["Колено LL 20","шт",null,195]
["Колено LL 26","шт",null,262]
["Колено LL 32","шт",null,495]
["Колено LL 40","шт",null,938]
["Колено EF 16 1/2","шт",null,117]
["Колено EF 20 1/2","шт",null,155]
["Колено EF 20 3/4","шт",null,183]
["Колено EF 26 3/4","шт",null,248]
["Колено EF 26 1/2","шт",null,212]
["Колено EF 26 1","шт",null,287]
["Колено EF 32 1","шт",null,400]
["Колено EF 40 1 1/4","шт",null,712]
["Колено LFL 16 1/2","шт",null,158]
["Колено LFL 20 1/2","шт",null,183]
["Колено LFW 16 1/2","шт",null,177]
["Колено LFW 20 1/2","шт",null,203]
["Колено LML 16 1/2","шт",null,140]
["Колено LML 20 1/2","шт",null,158]
["Колено LML 26 3/4","шт",null,236]
["Муфта SM 16/1/2","шт",null,85]
["Муфта SM 20/1/2","шт",null,55]
["Муфта SM 20/3/4","шт",null,120]
["Муфта SM 26/1/2","шт",null,150]
["Муфта SM 26/3/4","шт",null,155]
["Муфта SM 26/1","шт",null,212]
["Муфта SM 32/1","шт",null,295]
["Муфта SM 40 1 1/4","шт",null,587]
["Муфта SF 16/1/2","шт",null,93]
["Муфта SF 20/1/2","шт",null,53]
["Муфта SF 20/3/4","шт",null,130]
["Муфта SF 26/3/4","шт",null,155]
["Муфта SF 26/1","шт",null,233]
["Муфта SF 32/1","шт",null,290]
["Муфта SF 40 1 1/4","шт",null,557]
["Муфта SU 16","шт",null,147]
["Муфта SU 20","шт",null,160]
["Муфта SU 26","шт",null,293]
["Муфта SU 32","шт",null,458]
["Муфта SU 40","шт",null,880]
["Муфта SR 20-16","шт",null,175]
["Муфта SR 26-20","шт",null,254]
["Муфта SR 32-20","шт",null,291]
["Муфта SR 32-26","шт",null,375]
["Муфта SR 40-26","шт",null,510]
["Муфта SR 40-32","шт",null,614]
["Тройник TT 16-16-16","шт",null,230]
["Тройник TT 20-20-20","шт",null,290]
["Тройник TT 26-26-26","шт",null,440]
["Тройник TT 32-32-32","шт",null,690]
["Тройник TT 40-40-40","шт",null,1290]
["Тройник TR 16-20-16","шт",null,248]
["Тройник TR 20-16-16","шт",null,245]
["Тройник TR 20-16-20","шт",null,252]
["Тройник TR 20-20-16","шт",null,270]
["Тройник TR 20-26-20","шт",null,340]
["Тройник TN 26-20-20","шт",null,360]
["Тройник TN 26-26-20","шт",null,372]
["Тройник TR 26-16-26","шт",null,355]
["Тройник TR 26-20-26","шт",null,375]
["Тройник TR 32-20-32","шт",null,567]
["Тройник TR 32-26-32","шт",null,588]
["Тройник TR 40-26-40","шт",null,995]
["Тройник TR 40-32-40","шт",null,1065]
["Тройник TF 16-1/2-16","шт",null,212]
["Тройник TF 16-1/2-16 L","шт",null,254]
["Тройник TF 20-1/2-20","шт",null,250]
["Тройник TF 20-1/2-20 L","шт",null,275]
["Тройник TF 20-3/4-20","шт",null,285]
["Тройник TF 26-1/2-26","шт",null,340]
["Тройник TF 26-3/4-26","шт",null,379]
["Тройник TF 26-1-26","шт",null,430]
["Тройник TF 32-1-32","шт",null,590]
["Тройник TF 40-1 1/4-40","шт",null,1110]
["Тройник TM 16-1/2-16","шт",null,204]
["Тройник TM 20-1/2-20","шт",null,240]
["Тройник TM 26-3/4-26","шт",null,375]
["Кран шаровой 1/2 Лавита г/г баб.F*FB","шт",null,180]
["Кран шаровой 1/2 Лавита г/г руч F*FL","шт",null,115]
["Кран шаровой 1/2 Лавита г/ш баб. M*FB","шт",null,134]
["Кран шаровой 1/2 Лавита г/ш руч. M*FL","шт",null,125]
["Кран шаровой 1/2 Лавита ш/ш баб. M*MB","шт",null,117]
["Кран шаровой 3/4 Лавита г/г баб. F*FB","шт",null,185]
["Кран шаровой 3/4 Лавита г/г руч F*FL","шт",null,165]
["Кран шаровой 3/4 Лавита г/ш баб. M*FB","шт",null,198]
["Кран шаровой 3/4 Лавита г/ш руч. M*FL","шт"]
["Кран шаровой 1 Лавита г/г руч F*FL","шт",null,290]
["Кран шаровой 1 Лавита г/ш руч. M*FL","шт",null,270]
["Кран шаровой 1 1/4 Лавита г/г руч F*FL","шт",null,440]
["Кран шаровой 1 1/2 Лавита г/г руч F*FL","шт",null,675]
["Кран американка 1/2 Лавита M*FCB","шт",null,155]
["Кран американка 3/4 Лавита M*FCB","шт",null,240]
["Кран американка 1 Лавита M*FCB","шт",null,420]
["Кран угл. 1/2-1/2 с фильтром","шт",null,200]
["Кран угл. 1/2-3/4 с фильтром","шт",null,250]
["Кран угл.1/2-цанга с фильтром","шт",null,330]
["Кран угл. 1/2-цанга поворотный с фильтром","шт",null,330]
["Кран шаровой 1/2 ITAP вн/вн (мод.118)","шт",null,250]
["Кран шаровой 1/2 ITAP вн/н (мод.119)","шт",null,204]
["Кран шаровой 3/4 ITAP вн/вн (мод.118)","шт",null,330]
["Кран шаровой 3/4 ITAP вн/н (мод.119)","шт",null,297]
["Кран шаровой 1 ITAP вн/вн (мод.118)","шт",null,396]
["Кран шаровой 1 ITAP вн/н (мод.119)","шт",null,439]
["Кран шаровой 1 1/4 ITAP (мод.116)","шт"]
["Кран шаровой 1 1/2 ITAP (мод.116)","шт",null,974]
["Кран шаровой 2 ITAP (мод.116)","шт",null,1466]
["Кран американка  1/2 ITAP (мод.098)","шт",null,292]
["Кран американка  3/4 ITAP (мод. 098)","шт",null,429]
["Кран американка  1 ITAP (мод. 098)","шт",null,850]
["Кран американка  1 1/4 ITAP (мод. 098)","шт",null,1300]
["Кран американка 1/2 ITAP  УГЛ(мод.298)","шт",null,363]
["Кран американка  3/4 ITAP УГЛ(мод.298)","шт",null,549]
["Подводка гибкая г/г HF12А-400L из нерж.гофр.трубы","шт",null,165]
["Подводка гибкая г/г HF12А-600L из нерж.гофр.трубы","шт",null,205]
["Подводка гибкая г/г HF12А-800L из нерж.гофр.трубы","шт",null,250]
["Подводка гибкая г/г HF12А-1000L из нерж.гофр.трубы","шт",null,292]
["Подводка гибкая г/ш HF(W)12А-400L из нерж.гофр.тру","шт",null,270]
["Подводка гибкая г/ш HF(W)12А-500L из нерж.гофр.тру","шт",null,300]
["Подводка гибкая г/ш HF(W)12А-600L из нерж.гофр.тру","шт",null,330]
["Подводка гибкая г/ш HF(W)12А-800L из нерж.гофр.тру","шт",null,385]
["Подводка гибкая г/ш HF(W)12А-1000L из нерж.гофр.тр","шт",null,450]
["Подводка гибкая г/ш HF(W)12А-1200L из нерж.гофр.тр","шт",null,500]
["Подводка к смесителю HF-C300L из нерж. гофр.трубы","шт",null,230]
["Подводка к смесителю HF-C400L из нерж. гофр.трубы","шт",null,430]
["Подводка к смесителю HF-C500L из нерж. гофр.трубы","шт",null,270]
["Подводка к смесителю HF-C600L из нерж. гофр.трубы","шт",null,295]
["Подводка к смесителю HF-C800L из нерж. гофр.трубы","шт",null,580]
["Подводка к смесителю HF-C900L из нерж. гофр.трубы","шт",null,450]
["Подводка к смесител HF-C1000L из нерж. гофр. трубы","шт",null,432]
["Подводка к смесителю HF-C1200L из нерж. гофр.трубы","шт",null,485]
["Подводка к смесителю 1/2 50","шт",null,50]
["Подводка к смесителю 1/2 60","шт",null,60]
["Подводка к смесителю 1/2 80","шт",null,82]
["Подводка к смесителю 1/2 100","шт",null,80]
["Подводка гибкая 1/2 40  г/г","шт",null,50]
["Подводка гибкая 1/2 40  г/ш","шт",null,50]
["Подводка гибкая 1/2 50 г/г","шт",null,95]
["Подводка гибкая 1/2 50 г/ш","шт",null,60]
["Подводка гибкая 1/2 60  г/г","шт",null,65]
["Подводка гибкая 1/2 60 г/ш","шт",null,65]
["Подводка гибкая 1/2 80 г/г","шт",null,70]
["Подводка гибкая 1/2 80 г/ш","шт",null,70]
["Подводка гибкая 1/2 100  г/г","шт",null,80]
["Подводка гибкая 1/2 100  г/ш","шт",null,80]
["Лен (Италия) (50 гр)","шт",null,20]
["Герметик силикон 9015 бесцветный","шт",null,179]
["Труба 40(40*250)","шт",null,25]
["Труба 40(40*500)","шт",null,45]
["Труба 40(40*750)","шт",null,42]
["Труба 40(40*1000)","шт",null,45]
["Труба 40(40*1500)","шт",null,64]
["Труба 40(40*2000)","шт",null,95]
["Труба 50(50*250)","шт",null,40]
["Труба 50(50*500)","шт",null,48]
["Труба 50(50*750)","шт",null,63]
["Труба 50(50*1000)","шт",null,74]
["Труба 50(50*1500)","шт",null,115]
["Труба 50(50*2000)","шт",null,135]
["Труба 110(110*250)","шт",null,87]
["Труба 110(110*500)","шт",null,130]
["Труба 110(110*750)","шт",null,180]
["Труба 110(110*1000)","шт",null,200]
["Труба 110(110*1500)","шт",null,290]
["Труба 110(110*2000)","шт",null,325]
["Тройник (40/40*45)","шт",null,26]
["Тройник (40/40*90)","шт",null,26]
["Тройник (50/50*45)","шт",null,42]
["Тройник (50/50*90)","шт",null,35]
["Тройник (110/110*45)","шт",null,89]
["Тройник (110/110*90)","шт",null,89]
["Тройник (110/50*45)","шт",null,68]
["Тройник (110/50*90)","шт",null,68]
["Отвод (40*45)","шт",null,18]
["Отвод (40*90)","шт",null,18]
["Отвод (50*15) OST","шт",null,35]
["Отвод (50*30) OST","шт",null,35]
["Отвод (50*45)","шт",null,20]
["Отвод (50*67) OST","шт",null,35]
["Отвод (50*90)","шт",null,20]
["Отвод (110*15) OST","шт",null,85]
["Отвод (110*30) OST","шт",null,85]
["Отвод (110*45)","шт",null,60]
["Отвод (110*67) OST","шт",null,95]
["Отвод (110*90)","шт",null,45]
["Ревизия (50)","шт",null,99]
["Ревизия (110)","шт",null,105]
["Муфта (40)","шт",null,19]
["Муфта (50)","шт",null,30]
["Муфта (110)","шт",null,65]
["Переход  (40/50)","шт",null,35]
["Переход  (110/50)","шт",null,45]
["Переход  120/110","шт",null,45]
["Хомут (40)","шт",null,10]
["Хомут (50)","шт",null,18]
["Хомут (110)","шт",null,20]
["Заглушка (40)","шт",null,8]
["Заглушка (50)","шт",null,12]
["Заглушка (110)","шт",null,23]
["Компенсир. патрубок 110","шт",null,120]
["ПП"]
["Труба  PPRC D20 PN10","шт",null,45]
["Труба  PPRC D20 PN20","шт",null,38]
["Труба  PPRC D25 PN10","шт",null,29]
["Труба  PPRC D25 PN20","шт",null,60]
["Труба  PPRC D32 PN10","шт",null,41]
["Труба  PPRC D32 PN20","шт",null,105]
["Труба  PPRC D40 PN10","шт",null,77]
["Труба  PPRC D40 PN20","шт",null,170]
["Труба  PPRC D50 PN10","шт",null,280]
["Труба  PPRC D50 PN20","шт",null,255]
["Труба  PPRC D63 PN10","шт",null,160]
["Труба  PPRC D63 PN20","шт",null,440]
["Труба  PP-R 20 армированная Aquatech","шт",null,65]
["Труба  PP-R 25 армированная Aquatech","шт",null,95]
["Труба  PP-R 32 армированная Aquatech","шт",null,168]
["Труба  PP-R 40 армированная Aquatech","шт",null,254]
["Труба  PP-R 50 армированная Aquatech","шт",null,400]
["Труба  PP-R 63 армированная Aquatech","шт",null,635]
["Муфта -20 PP-R","шт",null,6]
["Муфта -25 PP-R","шт",null,11]
["Муфта -32 PP-R","шт",null,10]
["Муфта -40 PP-R","шт",null,21]
["Муфта -50 PP-R","шт",null,34]
["Муфта -63 PP-R","шт",null,55]
["Муфта -комб. В/Р 20-1/2 PP-R","шт",null,60]
["Муфта -комб. В/Р 20-3/4 PP-R","шт",null,55]
["Муфта -комб. В/Р 25-1/2 PP-R","шт",null,45]
["Муфта -комб. В/Р 20-3/4 PP-R","шт",null,55]
["Муфта -комб. В/Р 32-3/4 PP-R","шт",null,90]
["Муфта -комб. В/Р 32-1 PP-R","шт",null,154]
["Муфта -комб. В/Р 40-1 1/4 PP-R","шт",null,330]
["Муфта -комб. В/Р 50-1 1/2 PP-R","шт",null,470]
["Муфта -комб. В/Р 63-2 PP-R","шт",null,604]
["Муфта -комб. Н/Р 20-1/2 PP-R","шт",null,65]
["Муфта -комб. Н/Р 20-3/4 PP-R","шт",null,83]
["Муфта -комб. Н/Р 25-1/2 PP-R","шт",null,64]
["Муфта -комб. Н/Р 25-3/4 PP-R","шт",null,85]
["Муфта -комб. Н/Р 32-3/4 PP-R","шт",null,128]
["Муфта -комб. Н/Р 32-1 PP-R","шт",null,199]
["Муфта -комб. Н/Р 40-1 1/4 PP-R","шт",null,495]
["Муфта -комб. Н/Р 50-1 1/2 PP-R","шт",null,590]
["Муфта -комб. Н/Р 63-2 PP-R","шт",null,475]
["Муфта -переходная 25-20 PP-R","шт",null,9]
["Муфта -переходная 32-20 PP-R","шт",null,14]
["Муфта -переходная 32-25 PP-R","шт",null,14]
["Муфта -переходная 40-20 PP-R","шт",null,20]
["Муфта -переходная 40-25 PP-R","шт",null,10]
["Муфта -переходная 40-32 PP-R","шт",null,15]
["Муфта -переходная 50-20 PP-R","шт",null,24]
["Муфта -переходная 50-25 PP-R","шт",null,24]
["Муфта -переходная 50-32 PP-R","шт",null,24]
["Муфта -переходная 50-40 PP-R","шт",null,38]
["Муфта -переходная 63-25 PP-R","шт",null,35]
["Муфта -переходная 63-32 PP-R","шт",null,47]
["Муфта -переходная 63-40 PP-R","шт",null,48]
["Муфта -переходная 63-50 PP-R","шт",null,53]
["Муфта -комб. разъемная В/Р 20-1/2 PP-R","шт",null,75]
["Муфта комб. разъемная в/р 20-3/4 PP-R","шт",null,150]
["Муфта -комб. разъемная В/Р 25-3/4 PP-R","шт",null,149]
["Муфта -комб. разъемная В/Р 25-1 PP-R","шт",null,165]
["Муфта -комб. разъемная В/Р 32-1 PP-R","шт",null,210]
["Муфта -комб. разъемная В/Р 40-1 1/4 PP-R","шт",null,238]
["Муфта -комб. разъемная В/Р 50-1 1/2 PP-R","шт",null,630]
["Муфта -комб. разъемная Н/Р 20-1/2 PP-R","шт",null,58]
["Муфта -комб. разъемная Н/Р 25-3/4 PP-R","шт",null,266]
["Муфта -комб. разъемная Н/Р 32-1 PP-R","шт",null,265]
["Муфта -комб. разъемная Н/Р 40-1 1/4 PP-R","шт",null,305]
["Муфта -комб. разъемная Н/Р 63-2 PP-R","шт",null,1853]
["Муфта с накидной гайкой 20-1/2 PP-R","шт",null,77]
["Муфта с накидной гайкой 20-3/4 PP-R","шт",null,95]
["Муфта с накидной гайкой 25-3/4 PP-R","шт",null,110]
["Муфта с накидной гайкой 25-1 PP-R","шт",null,165]
["Муфта с накидной гайкой 32-1 PP-R","шт",null,175]
["Угольник 90* 20 PP-R","шт",null,10]
["Угольник 90* 25 PP-R","шт",null,17]
["Угольник 90* 32 PP-R","шт",null,27]
["Угольник 90* 40 PP-R","шт",null,50]
["Угольник 90* 50 PP-R","шт",null,55]
["Угольник 90* 63 PP-R","шт",null,102]
["Угольник 45* 20 PP-R","шт",null,10]
["Угольник 45* 25 PP-R","шт",null,10]
["Угольник 45* 32 PP-R","шт",null,15]
["Угольник 45* 40 PP-R","шт",null,26]
["Угольник 45* 50 PP-R","шт",null,55]
["Угольник 45* 63 PP-R","шт",null,120]
["Угольник комб. В/Р 20-1/2 PP-R","шт",null,46]
["Угольник комб. В/Р 20-3/4 PP-R","шт",null,59]
["Угольник комб. В/Р 25-1/2 PP-R","шт",null,48]
["Угольник комб. В/Р 25-3/4 PP-R","шт",null,59]
["Угольник комб. В/Р 32-1 PP-R","шт",null,120]
["Угольник комб. В/Р 40-1 1/4 PP-R","шт"]
["Угольник комб. Н/Р 20-1/2 PP-R","шт",null,65]
["Угольник комб. Н/Р 20-3/4 PP-R","шт",null,78]
["Угольник комб. Н/Р 25-3/4 PP-R","шт",null,110]
["Угольник комб. Н/Р 32-1 PP-R","шт",null,189]
["Угольник комб. Н/Р 40-1 1/4 PP-R","шт"]
["Угольник комб. В/Р 20-1/2 с креп. PP-R","шт",null,78]
["Угольник комб. Н/Р 20-1/2 с креп. PP-R","шт",null,58]
["Угольник комб. В/Р 20-1/2 с креп. двойной PP-R","шт",null,200]
["Угольник с накидной гайкой 20-1/2 PP-R","шт",null,85]
["Угольник с накидной гайкой 20-3/4 PP-R","шт",null,105]
["Угольник с накидной гайкой 25-3/4 PP-R","шт",null,115]
["Угольник с накидной гайкой 25-1 PP-R","шт",null,170]
["Угольник с накидной гайкой 32-1 PP-R","шт",null,185]
["Тройник -20 PP-R","шт",null,12]
["Тройник -25 PP-R","шт",null,11]
["Тройник -32 PP-R","шт",null,25]
["Тройник -40 PP-R","шт",null,35]
["Тройник -50 PP-R","шт",null,70]
["Тройник -63 PP-R","шт",null,150]
["Тройник -комб. В/Р 20-1/2 PP-R","шт",null,45]
["Тройник -комб. В/Р 20-3/4 PP-R","шт",null,61]
["Тройник -комб. В/Р 25-3/4 PP-R","шт",null,75]
["Тройник -комб. В/Р 32-1 PP-R","шт",null,150]
["Тройник -комб. Н/Р 20-1/2 PP-R","шт",null,58]
["Тройник -комб. Н/Р 20-3/4 PP-R","шт",null,80]
["Тройник -комб. Н/Р 25-1/2 PP-R","шт",null,65]
["Тройник -комб. Н/Р 25-3/4 PP-R","шт",null,85]
["Тройник -комб. Н/Р 32-1/2 PP-R","шт",null,89]
["Тройник -переходной 25-20-20 PP-R","шт",null,15]
["Тройник -переходной 25-20-25 PP-R","шт",null,15]
["Тройник -переходной 25-25-20 PP-R","шт",null,14]
["Тройник -переходной 32-20-20 PP-R","шт",null,20]
["Тройник -переходной 32-20-25 PP-R","шт",null,20]
["Тройник -переходной 32-20-32 PP-R","шт",null,25]
["Тройник -переходной 32-25-20 PP-R","шт",null,20]
["Тройник -переходной 32-25-32 PP-R","шт",null,30]
["Тройник -переходной 40-20-40 PP-R","шт",null,39]
["Тройник -переходной 40-25-40 PP-R","шт",null,41]
["Тройник -переходной 40-32-40 PP-R","шт",null,47]
["Тройник -переходной 50-25-50 PP-R","шт",null,90]
["Тройник -переходной 50-32-50 PP-R","шт",null,92]
["Тройник -переходной 50-40-50 PP-R","шт",null,97]
["Тройник -переходной 63-25-63 PP-R","шт",null,98]
["Тройник -переходной 63-32-63 PP-R","шт",null,110]
["Тройник -переходной 63-40-63 PP-R","шт",null,160]
["Крестовина PP-R 20","шт",null,13]
["Крестовина PP-R 25","шт",null,18]
["Крестовина PP-R 32","шт",null,35]
["Обвод 20 PP-R","шт",null,27]
["Обвод 25 PP-R","шт",null,24]
["Компенсатор 20 PP-R","шт",null,60]
["Компенсатор 25 PP-R","шт",null,90]
["Компенсатор 32 PP-R","шт",null,138]
["Компенсатор 40 PP-R","шт",null,149]
["Компенсатор 50 PP-R","шт"]
["Компенсатор 63 PP-R","шт"]
["Вентиль 20 PP-R","шт",null,180]
["Вентиль 25 PP-R","шт",null,205]
["Вентиль 32 PP-R","шт",null,355]
["Кран шаровой PP-R 20","шт",null,160]
["Кран шаровой PP-R 25","шт",null,230]
["Кран шаровой PP-R 32","шт",null,290]
["Кран шаровой PP-R 40","шт",null,510]
["Кран шаровой PP-R 63","шт",null,1290]
["Кран шаровой PP-R рад. (пр) 25-3/4","шт",null,330]
["Кран шаровой PP-R рад. (угл) 20-1/2","шт",null,260]
["Заглушка  20 PP-R","шт",null,6]
["Заглушка  25 PP-R","шт",null,7]
["Заглушка  32 PP-R","шт",null,18]
["Заглушка  40 PP-R","шт",null,16]
["Заглушка  50 PP-R","шт",null,34]
["Заглушка  63 PP-R","шт",null,48]
["Заглушка  резьбовая 1/2 н/р PP-R","шт",null,5]
["Заглушка  резьбовая 3/4 н/р PP-R","шт",null,5]
["TECEflex"]
["Труба универсальная 16 TECEflex (7 320 16)","шт",null,130]
["Труба универсальная 20 TECEflex (7 320 20)","шт",null,174]
["Труба универсальная 25 TECEflex (7 320 25)","шт",null,340]
["Труба универсальная 32 TECEflex (7 320 32)","шт",null,523]
["Труба универсальная 40 TECEflex (7 322 40)","шт",null,989]
["Труба для пов. отопления 16 TECEflex (7 033 16) PE-MDXc","шт",null,85]
["Труба для пов. отопления 20 TECEflex (7 033 20) PE-MDXc","шт",null,123]
["Труба для поверхностного отопления 20 PE-RTTECEflex","шт",null,121]
["Пресс-втулка для ун. трубы 16 TECEflex (7 345 16)","шт",null,39]
["Пресс-втулка для ун. трубы 20 TECEflex (7 345 20)","шт",null,57]
["Пресс-втулка для ун. трубы 25 TECEflex (7 345 25)","шт",null,99]
["Пресс-втулка для ун. трубы 32 TECEflex (7 345 32)","шт",null,160]
["Пресс-втулка для ун. трубы 40 TECEflex (7 345 40)","шт",null,259]
["Пресс-втулка д/труб отоп. и вод.16 TECEflex (7 040 16) PE-Xc, PE-MDXc","шт",null,32]
["Пресс-втулка д/труб отоп. и вод.20 TECEflex (7 040 20) PE-Xc, PE-MDXc","шт",null,54]
["Пресс-втулка д/труб отоп. и вод 25 TECEflex (7 040 25) PE-Xc, PE-MDXc","шт",null,103]
["Заглушка 16 TECEflex (7 205 16)","шт",null,128]
["Заглушка 20 TECEflex (7 205 20)","шт",null,171]
["Соединение пр. В/Р 16х1/2 TECEflex (7 050 02)","шт",null,193]
["Соединение пр. В/Р 20х1/2 TECEflex (7 050 03)","шт",null,242]
["Соединение пр. В/Р 20х3/4 TECEflex (7 050 04)","шт",null,307]
["Соединение пр. В/Р 25х3/4 TECEflex (7 050 07)","шт",null,384]
["Соединение пр. В/Р 25х1TECEflex (7 050 09)","шт",null,541]
["Соединение пр. В/Р 32х1TECEflex (7 050 08)","шт",null,577]
["Соединение пр. В/Р 40х1 1/2 TECEflex (7 050 10)","шт",null,1104]
["Соединение пр. Н/Р 16х1/2 TECEflex (7 055 02)","шт",null,168]
["Соединение пр. Н/Р 16х3/4 TECEflex (7 055 06)","шт",null,253]
["Соединение пр. Н/Р 20х1/2 TECEflex (7 055 03)","шт",null,231]
["Соединение пр. Н/Р 20х3/4 TECEflex (7 055 04)","шт",null,238]
["Соединение пр. Н/Р 25х3/4 TECEflex (7 055 07)","шт",null,345]
["Соединение пр. Н/Р 25х1TECEflex (7 055 08)","шт",null,449]
["Соединение пр. Н/Р 32х1TECEflex (7 055 09)","шт",null,587]
["Соединение пр. Н/Р 32х1 1/4 TECEflex (7 055 10)","шт",null,737]
["Соединение пр. Н/Р 40х1 1/4 TECEflex (7 055 11)","шт",null,780]
["Соединение труба-труба 16/16 TECEflex (7 060 16)","шт",null,160]
["Соединение труба-труба 20/20 TECEflex (7 060 20)","шт",null,214]
["Соединение труба-труба 25/25 TECEflex (7 060 25)","шт",null,318]
["Соединение труба-труба 32/32 TECEflex (7 060 32)","шт",null,602]
["Соединение труба-труба 40/40 TECEflex (7 060 40)","шт",null,783]
["Соединение пр. НГ 16х1/2 TECEflex (7 175 12)","шт",null,324]
["Соединение пр. НГ 16х3/4 TECEflex (7 175 07)","шт",null,335]
["Соединение пр. НГ 20х3/4 TECEflex (7 175 08)","шт",null,581]
["Соединение пр. НГ 25х1 TECEflex (7 175 09)","шт",null,797]
["Соединение пр. НГ 32х1 1/4 TECEflex (7 175 10)","шт",null,1886]
["Соединение прямое НГ, в/р 16х3/4 (евроконус) TECE (7 136 16)","шт",null,257]
["Соединение прямое НГ, в/р 16х3/4 (евроконус) ник.TECE (7 136 16.1)","шт",null,356]
["Соединение прямое НГ, в/р 20х3/4 (евроконус) TECE (7 136 20)","шт",null,538]
["Уголок 90\" 16/16 TECEflex (7 070 16)","шт",null,242]
["Уголок 90\" 20/20 TECEflex (7 070 20)","шт",null,278]
["Уголок 90\" 25/25 TECEflex (7 070 25)","шт",null,476]
["Уголок 90\" 32/32 TECEflex (7 070 32)","шт",null,890]
["Уголок 90\" 40/40 TECEflex (7 070 40)","шт",null,1270]
["Уголок 90\" ВР 16х1/2 TECEflex (7 080 16)","шт",null,278]
["Уголок 90\" ВР 20х1/2 TECEflex (7 080 20)","шт",null,314]
["Уголок 90\" ВР 20х3/4 TECEflex (7 080 02)","шт",null,370]
["Уголок 90\" ВР 25х3/4 TECEflex (7 080 25)","шт",null,487]
["Уголок 90\" ВР 32х1 TECEflex (7 080 32)","шт",null,857]
["Уголок 90\" ВР 40х1 1/2 TECEflex (7 080 40)","шт",null,1506]
["Уголок 90\" НР 16х1/2 TECEflex (7 075 16)","шт",null,289]
["Уголок 90\" НР 20х1/2 TECEflex (7 075 20)","шт",null,334]
["Уголок 90\" НР 20х3/4 TECEflex (7 075 01)","шт",null,424]
["Уголок 90\" НР 25х3/4 TECEflex (7 075 25)","шт",null,516]
["Уголок 90\" НР 25х1 TECEflex (7 075 26)","шт",null,669]
["Уголок 90\" НР 32х1 TECEflex (7 075 32)","шт",null,851]
["Уголок с креп. ВР 16х1/2 TECEflex (7 085 16)","шт",null,335]
["Уголок с наст. креп. ВР 16х1/2 TECEflex удл. (7 085 02)","шт",null,488]
["Уголок с креп. ВР 20х1/2 TECEflex (7 085 20)","шт",null,373]
["Уголок с креп. ВР 20х3/4 TECEflex (7 085 25)","шт",null,558]
["Уголок с креп. ВР 25х3/4 TECEflex (7 085 26)","шт",null,665]
["Тройник 16/16/16 TECEflex (7 100 16)","шт",null,274]
["Тройник 20/20/20 TECEflex (7 100 20)","шт",null,339]
["Тройник 25/25/25 TECEflex (7 100 25)","шт",null,538]
["Тройник 32/32/32 TECEflex (7 100 32)","шт",null,978]
["Тройник 40/40/40 TECEflex (7 100 40)","шт",null,1559]
["Тройник ВР 16х1/2х16 TECEflex (7 095 16)","шт",null,378]
["Тройник ВР 20х1/2х20 TECEflex (7 095 20)","шт",null,449]
["Тройник ВР 25х1/2х25 TECEflex (7 095 22)","шт",null,609]
["Тройник ВР 25х3/4х25 TECEflex (7 095 25)","шт",null,662]
["Тройник ВР 32х1/2х32 TECEflex (7 095 27)","шт",null,933]
["Тройник ВР 32х1х32 TECEflex (7 095 32)","шт",null,1117]
["Тройник ред 16/20/16 TECEflex (7 105 04)","шт",null,339]
["Тройник ред 20/16/16 TECEflex (7 105 08)","шт",null,339]
["Тройник ред 20/16/20 TECEflex (7 105 09)","шт",null,339]
["Тройник ред 16/20/16 TECEflex (7 105 04)","шт",null,339]
["Тройник ред 20/25/20 TECEflex (7 105 21)","шт",null,637]
["Тройник ред 25/16/16 TECEflex (7 105 16)","шт",null,491]
["Тройник ред 25/20/20 TECEflex (7 105 22)","шт",null,501]
["Тройник ред 25/16/25 TECEflex (7 105 14)","шт",null,516]
["Тройник ред 25/16/20 TECEflex (7 105 44)","шт",null,523]
["Тройник ред 25/20/25 TECEflex (7 105 15)","шт",null,527]
["Тройник ред 25/32/25 TECEflex (7 105 17)","шт",null,976]
["Тройник ред 32/16/32 TECEflex (7 105 37)","шт",null,911]
["Тройник ред 32/20/32 TECEflex (7 105 19)","шт",null,939]
["Тройник ред 32/25/25 TECEflex (7 105 20)","шт",null,911]
["Тройник ред 32/25/32 TECEflex (7 105 23)","шт",null,936]
["Тройник ред 32/20/25 TECEflex (7 105 18)","шт",null,1018]
["Соединение редукционное 20/16 TECEflex (7 065 03)","шт",null,188]
["Соединение редукционное 25/16 TECEflex (7 065 04)","шт",null,313]
["Соединение редукционное 25/20 TECEflex (7 065 05)","шт",null,317]
["Соединение редукционное 32/20 TECEflex (7 065 06)","шт",null,544]
["Соединение редукционное 32/25 TECEflex (7 065 07)","шт",null,583]
["Соединение редукционное 40/32 TECEflex (7 065 08)","шт",null,804]
["Соединение редукционное 50/40 TECEflex (7 065 09)","шт",null,1345]
["Соединение редукционное 63/50 TECEflex (7 065 10)","шт",null,1872]
["Коллектор для теплого пола  в сборе 1х3/4 еврок2","шт",null,9940]
["Коллектор для теплого пола в сборе 1х3/4 еврок 3","шт",null,11020]
["Коллектор для теплого пола в сборе 1х3/4 еврок 4","шт",null,13385]
["Коллектор для теплого пола  в сборе 1х3/4 еврок 5","шт",null,15740]
["Коллектор для теплого пола  в сборе 1х3/4 еврок 6","шт",null,18014]
["Коллектор для теплого пола  в сборе 1х3/4 еврок 7","шт",null,20465]
["Коллектор для теплого пола  в сборе 1х3/4 еврок 8","шт",null,22830]
["Коллектор для теплого пола в сборе 1х3/4 еврок 9","шт",null,25185]
["Коллектор для теплого пола  в сборе 1х3/4 еврок 10","шт",null,30660]
["Коллектор для теплого пола  в сборе 1х3/4 еврок 11","шт",null,32760]
["Коллектор для теплого пола  в сборе 1х3/4 еврок 12","шт",null,34860]
["Электропривод термоклапана для колл.тепл.пола ТЕСЕ","шт",null,1549]
["Концовка разборная 16 * 3/4 мм. евроконус (7 135 16) flex  PE-Xc, PE-MDXc","шт",null,231]
["Коллектор TECE logo 16х3/4 с воздухоотводчиком 2","шт",null,886]
["Коллектор TECE logo16х3/4 с воздухоотв. 3 контура","шт",null,1295]
["Концовка разборная 16мм. евроконус (874 02 16)logo","шт",null,369]
["Канал дренажный, 800 мм","шт",null,13216]
["Канал дренажный, 1000 мм","шт",null,14429]
["Канал дренажный, 1500 мм","шт",null,18076]
["Решетка \"basic\", 800 мм, нерж. сталь, полир.","шт",null,5003]
["Решетка \"basic\", 1000 мм, нерж. сталь, полир.","шт",null,6001]
["Решетка \"basic\", 1500 мм, нерж. сталь, полир.","шт",null,9860]
["Сифон для дренажного канала, 0,8 л/с","шт",null,1644]
["Сифон для дренажного канала, 1,2 л/с","шт",null,2287]
["Комплект опор для дренажного канала, 4 шт","шт",null,1206]
["Трап с реш\"basic\"DN50 вых.в бок.","шт",null,1239]
["Модуль с панелью смыва комплект TECEbase (9.400.005)","шт",null,12395]
["Модуль для установки унитаза (h=1120) фронт.","шт",null,13661]
["Модуль для установки биде ТЕСЕ","шт",null,8842]
["Модуль для установки раковины ТЕСЕ","шт",null,7034]
["Комплект для крепления модуля к стене","шт",null,648]
["Панель смыва TECEplanus с 2 клавишами, нерж.сталь","шт",null,3010]
["Панель смыва TECEloop с 2 кл. стекло, хром матовый","шт",null,4593]
["Панель смыва TECEloop с 2 кл., хром матовый","шт",null,3579]
["Панель смыва TECEplanus арт. 9.240.320","шт",null,3674]
["Панель смыва TECEplanus с 2 клавишами, нерж.сталь","шт",null,3010]
["Комнатный термостат с креплением 10-30*","шт",null,2012]
["Держатель для комнатного термостата ТЕСЕ","шт",null,395]
["Якорные скобы для теплого пола ТЕСЕ","шт",null,7]
["Пенополистирол (1180*580*50)","шт",null,490]
["TECE logo"]
["Труба многослойн. универс. 16 TECE logo PE-Xc (870 00 16)",null,null,83]
["Труба многослойн. универс. 20 TECE logo PE-Xc (870 00 20)",null,null,121]
["Труба многослойн. универс. 25 TECE logo PE-Xc (870 00 25)",null,null,209]
["Труба многослойн. универс. 16 TECE logo PE-RT/Al/P",null,null,69]
["Труба многослойн. универс. 20 TECE logo PE-RT/Al/P",null,null,111]
["Заглушка 16 TECE logo (871 08 16)",null,null,179]
["Заглушка 20 TECE logo (871 08 20)",null,null,254]
["Соединение ВР 16х1/2 TECE logo (871 00 02)",null,null,219]
["Соединение ВР 20х1/2 TECE logo (871 00 03)",null,null,242]
["Соединение ВР 20х3/4 TECE logo (871 00 04)",null,null,324]
["Соединение ВР 25х3/4 TECE logo (871 00 05)",null,null,445]
["Соединение ВР 25х1 TECE logo (871 00 06)",null,null,648]
["Соединение ВР 32х1 TECE logo",null,null,726]
["Соединение НР 16х1/2 TECE logo (871 01 02)",null,null,199]
["Соединение НР 16х3/4 TECE logo (871 01 03)",null,null,278]
["Соединение НР 20х1/2 TECE logo (871 01 04)",null,null,308]
["Соединение НР 20х3/4 TECE logo (871 01 05)",null,null,308]
["Соединение НР 25х3/4 TECE logo (871 01 06)",null,null,478]
["Соединение НР 25х1 TECE logo (871 01 07)",null,null,495]
["Соединение НР 32х1 TECE logo",null,null,658]
["Соединение 16х16 TECE logo (871 05 16)",null,null,239]
["Соединение 20х20 TECE logo (871 05 20)",null,null,325]
["Соединение 25х25 TECE logo (871 05 25)",null,null,425]
["Соединение ред 20х16 TECE logo (871 06 16)",null,null,298]
["Соединение ред 25х16 TECE logo (871 06 20)",null,null,338]
["Соединение ред 25х20 TECE logo (871 06 25)",null,null,359]
["Уголок 90\" 16/16 TECE logo (871 07 16)",null,null,264]
["Уголок 90\" 20/20 TECE logo (871 07 20)",null,null,329]
["Уголок 90\" 25/25 TECE logo (871 07 25)",null,null,434]
["Уголок 90\" ВР 16х1/2 TECE logo (871 02 02)",null,null,249]
["Уголок 90\" ВР 20х1/2 TECE logo (871 02 03)",null,null,367]
["Уголок 90\" ВР 20х3/4 TECE logo (871 02 04)",null,null,388]
["Уголок 90\" ВР 25х3/4 TECE logo (871 02 05)",null,null,539]
["Уголок 90\" ВР 32х1 TECE logo",null,null,1110]
["Уголок 90\" НР 16х1/2 TECE logo (871 03 02)",null,null,249]
["Уголок 90\" НР 20х1/2 TECE logo (871 03 03)",null,null,339]
["Уголок 90\" НР 20х3/4 TECE logo (871 03 04)",null,null,393]
["Уголок 90\" НР 25х3/4 TECE logo (871 03 05)",null,null,498]
["Уголок 90\" НР 25х1 TECE logo (871 03 06)",null,null,697]
["Уголок 90\" НР 32х1 TECE logo",null,null,996]
["Уголок с н/креп. ВР 16х1/2 TECE logo (872 00 02)",null,null,313]
["Уголок с н/креп. ВР 20х1/2 TECE logo (872 00 03)",null,null,399]
["Уголок с н/креп. ВР 16х1/2 удл. TECE logo (872 00 08)",null,null,478]
["Соединение пр.с нак/гайкой TECElogo 16х1/2 (873 02 01)",null,null,618]
["Тройник 16/16/16 TECElogo (871 09 16)",null,null,359]
["Тройник 20/20/20 TECElogo (871 09 20)",null,null,488]
["Тройник 25/25/25 TECElogo (871 09 25)",null,null,616]
["Тройник  -32/32/32 TECElogo",null,null,1231]
["Тройник ВР 16х1/2х16 TECElogo (871 04 02)",null,null,529]
["Тройник ВР 20х1/2х20 TECElogo (871 04 03)",null,null,549]
["Тройник ВР 25х3/4х25 TECElogo (871 04 04)",null,null,777]
["Тройник ВР 32х1х32 TECElogo",null,null,1423]
["Тройник ред  20/16/16 TECElogo (871 10 04)",null,null,379]
["Тройник ред  20/16/20 TECElogo (871 10 05)",null,null,429]
["Тройник ред  20/20/16 TECElogo (871 10 06)",null,null,439]
["Тройник ред  25/16/16 TECElogo (871 10 07)",null,null,470]
["Тройник ред  25/16/25 TECElogo (871 10 08)",null,null,541]
["Тройник ред  25/20/20 TECElogo (871 10 09)",null,null,529]
["Тройник ред  25/20/25 TECElogo (871 10 10)",null,null,558]
["Тройник ред  20/25/20 TECElogo (871 10 11)",null,null,667]
["Тройник ред  32/16/32 TECElogo",null,null,989]
["Тройник ред  32/20/32 TECElogo",null,null,1018]
["Тройник ред  32/25/25 TECElogo",null,null,862]
["Тройник двойной 16/16/16 TECElogo (874 01 01)",null,null,1744]
["Тройник двойной 20/16/16 TECElogo (874 01 02)",null,null,1893]
["Тройник двойной 20/16/20 TECElogo (874 01 03)",null,null,2092]
["Монтажный компл д/смес. 16х1/2 TECE logo (872 01 00)",null,null,1196]
["Монтажный компл д/смесит. дист 16х1/2 TECE logo (872 01 01)",null,null,1207]
["Монтажный компл для подкл рад. нап. 16 TECE logo (874 04 05)",null,null,1544]
["Концовка разборная 16мм. евроконус (874 02 16)logo",null,null,369]
["Рукоятка для калибровки 16-25мм",null,null,1929]
["Насадка для калибр.и снятия фаски TECElogo16мм ",null,null,2043]
["Насадка для калибр.и снятия фаски TECElogo20мм",null,null,2142]
["Насадка для калибр.и снятия фаски TECElogo25мм",null,null,2433]
["КОЛЛЕКТОРЫ, КРЕПЕЖ"]
["Коллектор WESTER нерж. 1\"-3/4 в сборе на 2 выхода с 2 заглушками, W803,2",null,null,3550]
["Коллектор WESTER нерж. 1\"-3/4 в сборе на 3 выхода с 2 заглушками, W803,3",null,null,3850]
["Коллектор WESTER нерж. 1\"-3/4 в сборе на 4 выхода с 2 заглушками, W803,4",null,null,4500]
["Коллектор WESTER нерж. 1\"-3/4 в сборе на 5 выходов с 2 заглушками, W803,5",null,null,5200]
["Коллектор WESTER нерж. 1\"-3/4 в сборе на 6 выходов с 2 заглушками, W803,6",null,null,5850]
["Коллектор WESTER нерж. 1\"-3/4 в сборе с расходомерами на 3 выхода, W802,3",null,null,3950]
["Коллектор WESTER нерж. 1\"-3/4 в сборе с расходомерами на 5 выходов, W802,5",null,null,5500]
["Коллектор WESTER нерж. 1\"-3/4 в сборе с расходомерами на 6 выходов, W802,6",null,null,6250]
["Коллектор WESTER нерж. 1\"-3/4 в сборе с расходомерами на 7 выходов, W802,7",null,null,6950]
["Коллектор WESTER нерж. 1\"-3/4 в сборе с расходомерами на 8 выходов, W802,8",null,null,9100]
["Коллектор WESTER нерж. 1\"-3/4 в сборе с расходомерами на 9 выходов, W802,9",null,null,8500]
["Коллектор WESTER нерж. 1\"-3/4 в сборе с расходомерами на 10 выходов, W802,10",null,null,9200]
["Коллектор WESTER нерж. 1\"-3/4 в сборе с расходомерами на 11 выходов, W802,11",null,null,9900]
["Коллектор WESTER нерж. 1\"-3/4 в сборе с расходомерами на 12 выходов, W802,12",null,null,10650]
["Коллектор Гидролого стандарт А 3-90",null,null,8400]
["Коллектор Гидролого Супер стандарт (4-90)",null,null,12500]
["Коллектор Гидролого Супер стандарт (4-125)",null,null,22500]
["Коллектор Гидролого Супер стандарт (5-90)",null,null,19000]
["Коллектор Гидролого Супер стандарт (6-90)",null,null,21900]
["Коллектор Гидролого СТАНДАРТ-ПРЕМИКС (1-3/4 4 вых)",null,null,9052]
["Коллектор \"Стандарт-1/160+2/90\"",null,null,8050]
["Коллектор \"Стандарт-А\" 3/90",null,null,11750]
["Коллектор Гидролого 2А-90",null,null,12500]
["Коллектор Гидролого 2Е байпас",null,null,13600]
["Гидроколлектор \"3Д\"",null,null,11900]
["Коллектор наст.распред. на 2-3 отоп.контура MEIBES",null,null,10300]
["Коллектор наст.распред. на 3-5 отоп.контура MEIBES",null,null,13500]
["Коллектор наст.распред. на 3-5 отоп.контура пок.8 MEIBES",null,null,15800]
["Кронштейн для настенного крепления гребенки до 85 MEIBES",null,null,3350]
["Клапан перепускной для групп 7 поколения MEIBES",null,null,1490]
["Гидравлическая стрелка МЕ 66711.40 (МА), 3 м3/час, 85кВт, DN32 MEIBES",null,null,14500]
["Гидравлическая стрелка МНК 32, 3 м3/час, 85 кВт, Ду 32, 1 1/4\" MEIBES",null,null,11990]
["Теплоизол. 4 мм h-1 м фольгир.",null,null,52]
["Теплоизол. 10 мм h-1 м фольгир.",null,null,77]
["Коллектор 1 3х1/2",null,null,900]
["Коллектор 1 4х1/2",null,null,1125]
["Коллектор 1 5х1/2",null,null,2875]
["Коллектор 1 6х1/2",null,null,2625]
["Коллектор 1 7х1/2",null,null,1663.5]
["Коллектор 1 8х1/2",null,null,4000]
["Коллектор 1 9х1/2",null,null,2160]
["Коллектор 1 10х1/2",null,null,3897.5]
["Коллектор 1 11х1/2",null,null,1709]
["Коллектор 1 12х1/2",null,null,1845]
["Коллектор В/Н с вент. 1-2*1/2",null,null,1150]
["Коллектор В/Н с вент. 1-3*1/2",null,null,1600]
["Коллектор В/Н с вент. 1-4*1/2",null,null,2150]
["Кронштейн коллектора 1",null,null,125]
["Шкафчик колл. ШРВ 1 (670*125*494)",null,null,1650]
["Шкафчик колл. ШРВ 2 (670*125*594)",null,null,1890]
["Шкафчик колл. ШРВ 3 (670*125*744)",null,null,2190]
["Шкафчик колл. ШРВ 4 (670*125*894)",null,null,2490]
["Шкафчик колл. ШРВ 5 (670*125*1044)",null,null,2990]
["Шкафчик колл. ШРВ 6 (651х120х1154)",null,null,3190]
["Шкафчик колл. ШРН 1 (651*120*453)",null,null,1490]
["Шкафчик колл. ШРН 2 (651*120*553)",null,null,1690]
["Шкафчик колл. ШРН 3 (651*120*703)",null,null,1890]
["Шкафчик колл. ШРН 4 (651*125*853)"]
["Шкафчик колл. ШРН 5 (651*120*1003)",null,null,2800]
["Трубная изоляция 18х9",null,null,16]
["Трубная изоляция 22х9",null,null,18]
["Трубная изоляция 22х13",null,null,20]
["Трубная изоляция 28х9",null,null,20]
["Трубная изоляция 28х13",null,null,26]
["Трубная изоляция 35х9",null,null,27]
["Трубная изоляция 34х13",null,null,25]
["Трубная изоляция 42х9",null,null,27]
["Трубная изоляция 42х13",null,null,37]
["Трубная изоляция 48х9",null,null,33]
["Трубная изоляция 48х13",null,null,38]
["Трубная изоляция 60х9",null,null,48]
["Трубная изоляция 60х13",null,null,70]
["Трубная изоляция 76х9",null,null,82]
["Трубная изоляция 76х13",null,null,142]
["Трубная изоляция 89х9",null,null,125]
["Трубная изоляция 89х13",null,null,60]
["Трубная изоляция 110х9",null,null,150]
["Трубная изоляция 110х13",null,null,189]
["Хомут мет. с гайк. (3/8) (16-20)",null,null,20]
["Хомут мет. с гайк. (1/2) (20-24)",null,null,20]
["Хомут мет. с гайк. (3/4) (25-28)",null,null,23]
["Хомут мет. с гайк. (1) (32-35)",null,null,26]
["Хомут мет. с гайк. (1 1/4) (39-46)",null,null,28]
["Хомут мет. с гайк. (1 1/2) (48-53)",null,null,30]
["Хомут мет. с гайк. (2) (59-66)",null,null,37]
["Хомут мет. с гайк. (3) (87-94)",null,null,49]
["Хомут мет. с гайк. (4) (110-116)",null,null,69]
["Хомут мет. с гайк. (6) (162-170)",null,null,79]
["Хомут мет. с гайк. (8) (207-219)",null,null,109]
["Хомут мет. с шур. (3/8) (16-20)",null,null,20]
["Хомут мет. с шур. (1/2) (20-24)",null,null,20]
["Хомут мет. с шур. (3/4) (25-28)",null,null,23]
["Хомут мет. с шур. (1) (32-35)",null,null,26]
["Хомут мет. с шур. (1 1/4) (39-46)",null,null,30]
["Хомут мет. с шур. (1 1/2) (48-53)",null,null,30]
["Хомут мет. с шур. (2) (59-66)",null,null,37]
["Шпилька резьбовая (М8*1000)",null,null,46]
["Шпилька резьбовая (М10*1000)",null,null,69]
["Шпилька шуруп (М8*100)",null,null,7]
["Шпилька шуруп (М8*120)",null,null,7]
["Шпилька шуруп (М10*100)",null,null,10]
["Шпилька шуруп (М10*120)",null,null,10]
["Анкер забивной М10*12*40",null,null,10]
["Анкер забивной М8*10*30",null,null,6]
["Анкерный болт с гайкой 8*40",null,null,8]
["Анкерный болт с гайкой 8*75",null,null,8]
["Анкерный болт с гайкой 10*75",null,null,10]
["Анкерный болт с гайкой 10*125",null,null,15]
["Анкерный болт с гайкой 12*100",null,null,15]
["Анкерный болт с гайкой 12*129",null,null,20]
["Анкер складной потолочный 8*120 крючок",null,null,20]
["Дюбель 6Х40",null,null,0.3]
["Дюбель 8Х40",null,null,0.35]
["Дюбель 10Х60",null,null,0.6]
["Дюбель 12Х70",null,null,1.3]
["Дюбель 14Х70",null,null,5]
["Дюбель с шурупом под молоток 6*40",null,null,0.75]
["Дюбель с шурупом под молоток 6*60",null,null,1.5]
["Саморез 3,5х41",null,null,0.31]
["Шурупы с шест.гол. 6х60",null,null,1.8]
["Крепеж для унитаза",null,null,40]
["Крепеж тюльпан",null,null,86]
["Крепеж тюльпан",null,null,86]
["РАДИАТОРЫ, РЕГУЛЯТОРЫ"]
["Радиатор Raditall Bimetallо G2 500х1, биметалл","шт",null,590]
["Радиатор Raditall 500х1, алюминий","шт",null,439]
["Радиатор Global BI STYLE EXTRA 500 1 с.","шт",null,979]
["Радиатор Global BI STYLE EXTRA 350 1 с.","шт",null,1250]
["Радиатор Global BI STYLE PLUS 500 1 с.","шт",null,869]
["Радиатор Arbonia 2057/1, сталь","шт",null,748]
["Радиатор Arbonia 3037/1, сталь","шт",null,760]
["Радиатор Henrad 300x1000 22 К сталь","шт",null,4308]
["Радиатор Henrad 300x1400 22 V, сталь","шт",null,7044]
["Радиатор Henrad 500x1000 22 K, сталь","шт",null,4788]
["Радиатор Henrad 500x1100 22 V, сталь","шт",null,6798]
["Комплект установочный д. радиаторов 1/2 №46 Global","шт",null,400]
["Кронштейн радиаторный угловой (универсал) К 7.1","шт",null,29]
["Комплект установочный для радиаторов 3/4 Global","шт",null,290]
["Комплект  установочный для радиаторов 3/4 б/к","шт",null,195]
["Ниппель  рад. 1\" 958100000","шт",null,45]
["Прокладка рад. 1\"  950111003","шт",null,10]
["Кронштейн радиаторный с самофиксирующимся дюбелем ","шт",null,27]
["Кронштейн радиаторный угловой (универсал)","шт"]
["Кронштейн радиаторный нап унив компл  (11,8+12,8)","шт",null,365]
["Кронштейн радиаторный нап унив д/стойки (12.8. Ш)","шт",null,70]
["Кронштейн Arbonia  напольный 700 мм (д/р.500) 13,","шт",null,225]
["Кронштейн Arbonia напольный 1000мм (д/р 800) 13,03","шт",null,282]
["Кронштейн рад. Arbonia для стойки 12.5","шт",null,70]
["Кронштейн Arbonia верхний (70-90 мм) 5,2","шт",null,275]
["Кронштейн Arbonia нижний (70-90 мм) 5,5","шт",null,90]
["Узел подкл. тип 1 (1/2-100) RBM","шт",null,1200]
["Узел подкл. тип 1 (1/2-50) RBM","шт",null,1200]
["Присоед. д/пластика 16х2 RBM","шт",null,125]
["Присоед. д/пластика 20х2 RBM","шт",null,140]
["Соединительная трубка 15*1000","шт",null,249]
["Соединительная трубка 15*1000 (рубашка)","шт",null,329]
["Соединительная трубка 20*1000 (рубашка)","шт",null,362]
["Соединительная трубка 26*500 (рубашка)","шт",null,150]
["Гарнитура RA 15/6TB для двухтр. сист. DANFOSS","шт",null,2470]
["Сервопривод электротермический 220 RBM","шт",null,1940]
["Электропривод ESBE ARA661 220В, 120сек., 6NM 1210","шт",null,13500]
["Вентиль т/р верхний прямой 1/2","шт",null,450]
["Вентиль т/р верхний прямой 3/4","шт",null,610]
["Вентиль т/р верхний угловой 1/2","шт",null,415]
["Вентиль т/р верхний угловой 3/4","шт",null,566]
["Вентиль т/р нижний прямой 1/2","шт",null,320]
["Вентиль т/р нижний прямой 3/4","шт",null,570]
["Вентиль т/р нижний угловой 1/2","шт",null,305]
["Вентиль т/р нижний угловой 3/4","шт",null,530]
["Кран т/р верхний прямой 1/2 Лавита F*MCP","шт",null,212]
["Кран т/р верхний прямой 3/4 Лавита F*MCP","шт",null,275]
["Кран т/р верхний угловой 1/2 Лавита ACP","шт",null,180]
["Кран т/р верхний угловой 3/4 Лавита ACP","шт",null,240]
["Кран д/рад. пр. с термоголовкой 1/2 Лавита M*TCP","шт",null,495]
["Кран д/рад. пр. с термоголовкой 3/4 Лавита M*TCP","шт",null,615]
["Кран д/рад. угл. с термоголовкой 1/2 Лавита А*TCP","шт",null,510]
["Кран д/рад. угл. с термоголовкой 3/4 Лавита А*TCP","шт",null,580]
["Вентиль т/с верхний прямой 1/2 RBM","шт",null,515]
["Вентиль т/с верхний прямой 3/4 RBM","шт",null,850]
["Вентиль т/с верхний угловой 1/2 RBM","шт",null,550]
["Вентиль т/с верхний угловой 3/4 RBM","шт",null,725]
["Вентиль т/с нижний прямой 1/2 RBM","шт",null,360]
["Вентиль т/с нижний прямой 3/4 RBM","шт",null,690]
["Вентиль т/с нижний угловой 1/2 RBM","шт",null,350]
["Термостат. головка ТL10 RBM","шт",null,599]
["Клапан т/р RA-G Ду15 прямой DANFOSS (1тр)","шт",null,1065]
["Клапан т/р RA-G Ду15 угловой DANFOSS (1тр)","шт",null,1410]
["Клапан т/р RA-G Ду20 прямой DANFOSS (1тр)","шт",null,1360]
["Клапан т/р RA-G Ду20 угловой DANFOSS (1тр)","шт",null,1360]
["Клапан т/р RA-N Ду15 прямой DANFOSS (2тр)","шт",null,1160]
["Клапан т/р RA-N Ду15 угл. DANFOSS (2тр)","шт",null,1150]
["Клапан т/р RA-N Ду20 прямой DANFOSS (2тр)","шт",null,1090]
["Клапан т/р RA-N Ду20 угл. DANFOSS (2тр)","шт",null,1050]
["Клапан т/р RA-N Ду25 прямой DANFOSS (2тр)","шт",null,1970]
["Клапан запорный прямой никелир. RLV 1/2 DANFOSS","шт",null,580]
["Клапан запорный прямой никелир. RLV 3/4 DANFOSS","шт",null,710]
["Клапан запорный угл. никелир. RLV 1/2 DANFOSS","шт",null,680]
["Клапан запорный угл. никелир. RLV 3/4 DANFOSS","шт",null,710]
["Клапан т/р RA-N комплект Ду15 прямой 013G2174B","шт",null,1512]
["Клапан т/р RA-N комплект Ду15 угловой 013G2153","шт",null,1625]
["Клапан т/р RA-N комплект Ду20 прямой 013G2176","шт",null,1690]
["Термостат RAA 2994 Danfoss","шт",null,1050]
["Термостат с выносным датчиком RA2992","шт",null,1190]
["Термостат комнатный RAA 20 SIEMENS","шт",null,790]
["Датчик температуры ALFA 1 накладной","шт",null,1300]
["Датчик температуры ALFA 2 погружной","шт",null,1422]
["Клапан обратный 1/2 (мод.103)","шт",null,176]
["Клапан обратный 3/4 (мод.103)","шт",null,235]
["Клапан обратный 1 (мод.103)","шт",null,325]
["Клапан обратный 1 1/4 (мод.103)","шт",null,495]
["Клапан обратный 1 1/2 (мод.103)","шт",null,715]
["Клапан обратный 2 (мод.103)","шт",null,1165]
["Клапан обр. 1/2 (тарелка) (мод.130)","шт",null,165]
["Клапан обр. 3/4 (тарелка) (мод.130)","шт",null,253]
["Клапан обр. 1 (тарелка) (мод.130)","шт",null,650]
["Клапан обр. 1 1/4 (тарелка) (мод.130)","шт",null,638]
["Клапан обр. 1 1/2 (тарелка) (мод.130)","шт",null,732]
["Клапан обр. 2 (тарелка) (мод.130)","шт",null,979]
["Редуктор давления 1/2 хром RBM","шт"]
["Редуктор давления 3/4 хром RBM","шт"]
["Редуктор давления 1 хром RBM","шт"]
["Редуктор давления 1 1/4 хром RBM","шт"]
["Редуктор давления 1 1/2 хром RBM","шт"]
["Грязевик 1/2 ITAP","шт",null,177]
["Грязевик 3/4 ITAP ","шт",null,270]
["Грязевик 1 ITAP","шт",null,440]
["Грязевик 1 1/4 ITAP","шт",null,671]
["Грязевик 1 1/2 ITAP","шт",null,657]
["Грязевик 2 ITAP","шт",null,1089]
["Фильтр с манометром RBM 1/2","шт",null,1230]
["Фильтр с манометром RBM 3/4","шт",null,1350]
["Фильтр с манометром RBM 1","шт",null,2175]
["Фильтр с манометром RBM 2","шт",null,5650]
["Клапан предохранительный 1/2 1,5bar","шт",null,260]
["Клапан предохранительный 1/2 1,5bar с манометром","шт",null,510]
["Клапан предохранительный 1/2 2,5bar","шт",null,290]
["Клапан предохранительный 1/2 2,5bar с манометром","шт",null,550]
["Клапан предохранительный 1/2 3bar","шт",null,290]
["Клапан предохранительный 1/2 3bar с маном.","шт",null,700]
["Клапан предохранительный 1/2 6bar","шт",null,365]
["Клапан предохранительный 1/2 6bar с маном.","шт",null,550]
["Клапан предохранительный 3/4 3bar","шт",null,375]
["Клапан предохранительный 3/4 6bar","шт",null,375]
["Манометр аксиальный 10bar (мод.483 ITAP)","шт",null,300]
["Манометр радиальный 10bar (мод.482 ITAP)","шт",null,300]
["Манометр ДМ 05-МП-ЗУ 100-1 МПа-1,5 М20х1,5","шт",null,270]
["Манометр ДМ 05-МП-ЗУ 100-1,6 МПа-1,5 М20х1,5","шт",null,270]
["Термометр ТТЖ-М исп 1 П 4(0+100С)-1-240/103","шт",null,120]
["Термометр ТТЖ-М исп 1 П 6(0+200С)-2-240/103","шт",null,120]
["Термометр ТБ-63-50 0+200-2,5-О исп 1","шт",null,297]
["Термоманометр  мод. 485 1/2 ITAP","шт",null,525]
["КОТЛЫ, НАСОСЫ"]
["Котел газ. Baxi slim 1.230 I","шт",null,65700]
["Котел газ. Baxi slim 1.300 I","шт",null,70000]
["Котел газ. Baxi slim 2300 i","шт",null,104500]
["Котел газ. Baxi slim 1.230 FI","шт",null,83500]
["Котел газ. Baxi slim 1.300 FI","шт",null,89900]
["Котел газ. Baxi slim 2300 Fi","шт",null,123400]
["Котел газ. Baxi slim 1.230 FIN","шт",null,81700]
["Котел газ. Baxi slim 1.300 FIN","шт",null,78200]
["Котел газ, Baxi slim 1.230 IN","шт",null,54500]
["Котел газ. Baxi slim 1.300 IN","шт",null,64500]
["Котел Baxi slim 1.400 IN+колпак D160","шт",null,73500]
["Котел Baxi slim 1.490 IN+колпак D160","шт",null,85500]
["Котел Baxi slim 1.620 IN+колпак D180","шт",null,110000]
["Котел газ. Baxi LUNA 240 I","шт",null,33839]
["Котел газ. Baxi LUNA 280 i","шт",null,46350]
["Котел Baxi LUNA 3 280 FI","шт",null,73900]
["Котел Baxi LUNA 3 Comfort 240-I","шт",null,46750]
["Котел Baxi LUNA 3 Comfort 240-FI","шт",null,52300]
["Котел Baxi LUNA 3 Comfort 310-FI","шт",null,63700]
["Котел Baxi LUNA 3 Comfort 1.310 FI","шт",null,56900]
["Котел газ. Baxi LUNA 310 FI","шт",null,43900]
["Котел Baxi EСО 280 I","шт",null,33525]
["Котел Baxi EСО 240 Fi","шт",null,44840]
["Котел Baxi EСО 280 FI","шт",null,38900]
["Котел Baxi EСО 3 240 i compact","шт",null,34600]
["Котел Baxi EСО 3 240 Fi compact","шт",null,34900]
["Котел Baxi EСО 3 280 Fi","шт",null,44200]
["Котел Baxi Main 24 i","шт",null,31680]
["Котел Baxi Main 24 Fi","шт",null,30840]
["Котел BAXI Nuvola 280 i","шт",null,47669]
["Котел BAXI Nuvola 240 Fi","шт",null,52400]
["Котел Baxi Fourthech 24","шт",null,39200]
["Котел Baxi Fourthech 24F","шт",null,42300]
["Труба коакс.с након. 60/100 L=750mm","шт",null,2850]
["Удл.коакс.1м KHG 4017610/2670 BAXI","шт",null,1790]
["Колено коаксиальное Baxi 45*","шт",null,1790]
["Колено коаксиальное Baxi 90*","шт",null,1890]
["Котел газ наст NEVA Lux 8224 ( 24 кВт)","шт",null,23900]
["Котел газ наст NEVA Lux 8520","шт",null,24900]
["Котел электрический ЭВП 3 М","шт",null,4200]
["Котел электрический ЭВП-12М","шт",null,5700]
["Электроустановка 1/2","шт",null,6000]
["Электроустановка 1/5","шт",null,6450]
["Электроустановка 1/8","шт",null,6900]
["Электроустановка 1/10","шт",null,7200]
["Насос GRUNDFOS UPS 25-40 1\", 1*230 В с гайками","шт",null,5200]
["Насос GRUNDFOS UPS 25-60 1\", 1*230 В с гайками","шт",null,5950]
["Насос GRUNDFOS UPS 25-80 1\", 1*230 В с гайками","шт",null,10500]
["Насос GRUNDFOS UPS 32-40 (1 1/4\",1*230 В)с гайками","шт",null,6900]
["Насос GRUNDFOS UPS 32-60 180 1х230 V с гайками","шт",null,7350]
["Насос GRUNDFOS UPS32-80 180 1х230V с гайками","шт",null,12900]
["Насос GRUNDFOS UPA 15-90 160 1х230 V","шт",null,4900]
["Насос GRUNDFOS UP 15-14 В","шт"]
["Насос GRUNDFOS Unilift CC7-A1 1х230 дренажный","шт",null,8600]
["Насос GRUNDFOS Unilift CC5-A1 дренажный","шт",null,7400]
["Насос GRUNDFOS SQ2-55 1X200V 0.6","шт",null,31680]
["Насос GRUNDFOS SQ2-70 1X200V 1.5","шт",null,35100]
["Насос GRUNDFOS SQ2-85 200-240v 1.15 kw","шт",null,37700]
["Насос GRUNDFOS Alpha 2 25-40  N 180","шт",null,13900]
["Насос GRUNDFOS Alpha 2L 25-40 180 1 230V 95047562","шт",null,6300]
["Насос GRUNDFOS JPBasic 3PT 20L","шт",null,8650]
["Насос GRUNDFOS SP03-40A 1x220-240V 50Hz 20m cable+","шт",null,24900]
["Насосная станция GRUNDFOS MQ3-35 220В, 96515412","шт",null,19500]
["Насосная станция JP6 Booster (JPB) 24L Typ II","шт",null,18900]
["Насосная группа GRUNDFOS UPS 25-60 1\"","шт",null,24400]
["Насос WILO STAR RS 25/2 1\" с гайками","шт",null,5100]
["Насос WILO STAR RS 25/4 1\" с гайками","шт",null,6300]
["Насос WILO STAR RS 25/6 1\"","шт",null,7500]
["Насос WILO STAR RS 25/7 1\" с гайками","шт",null,7500]
["Насос WILO STAR RS 30/2 11/4\"","шт",null,5250]
["Насос WILO STAR RS 30/4 11/4\"","шт",null,5550]
["Насос WILO STAR RS 30/6 11/4\"","шт",null,6700]
["Насос WILO STAR RSG 30/8 1 1/4\" с гайками","шт",null,7261]
["Насос WILO-NO 25/2 G1 1/2\" без гаек","шт",null,4300]
["Насос WILO-NO 25/4 G1 1/2\" PN10 1-230B без гаек","шт",null,4500]
["Насос WILO-NO 25/5 G1 1/2\"PN10 1-230B без гаек","шт",null,3300]
["Насос WILO-NO 25/6 G1 1/2\"PN10 1-230B без гаек","шт",null,3100]
["Насос WILO-NO 30/2 G2 PN10 1-230B без гаек","шт",null,2550]
["Насос WILO-NO 30/5 G2 PN10 1-230B без гаек","шт",null,3300]
["Резьбовое соединение R1 1/4xR2","шт",null,290]
["Резьбовое соединение R1xR1 1/2","шт",null,220]
["Насос WILO TOP-RL 25/7.5 Rp 1\" PN 10 1-230V","шт",null,6750]
["Насос WILO TOP-RL 30/7.5 Rp 1 1/4\" PN 10 1-230V","шт",null,9200]
["Насос WILO TOP-S25/7","шт",null,9900]
["Насос WILO TOP-S 25/7 Rp 1''","шт",null,9600]
["Насос WILO TOP-S 50/10, DN 50, PN 6/10, 1~230V","шт",null,30500]
["Насос ГВС WILO Star-Z 15 NOVA","шт",null,5750]
["Насос скважинный WILO-SUB TWU 4-0207-C ЕМ (220В)","шт",null,14650]
["Насос скважинный WILO-SUB TWU 4-0210-C ЕМ(220В)","шт",null,16300]
["Насос скважинный WILO-SUB TWU 4-0214-C ЕМ(220В)","шт",null,17500]
["Насос скважинный WILO-SUB TWU 4-0409-ЕМ-С (220В)","шт",null,20500]
["Насос скважинный WILO-SUB TWU 4-0414-C ЕМ(220В)","шт",null,22900]
["Насос дренажный AQUA SUB DP-250A . XKS-250P","шт",null,1750]
["Насос дренажный AQUA SUB DP-400A . XKS-400P","шт",null,1860]
["Насос дренажный AQUA SUB DP-500A . XKS-500P","шт",null,2150]
["Насос дренажный AQUA SUB DP-750A . XKS-750P","шт",null,2290]
["Насос дренажный AQUA SUB SP-400A . XKS-400PW","шт",null,1700]
["Насос погружной Водомет 60/32","шт",null,6500]
["Насос погружной Водомет 60/52","шт",null,8400]
["Насос погружной Водомет 60/72","шт",null,10680]
["Насос погружной Водомет 60/92","шт",null,11700]
["Насос погружной Водомет 60/72 ДОМ","шт",null,24600]
["Насос погружной Водомет 60/92 ДОМ","шт",null,27500]
["Блок автоматики","шт",null,1687.5]
["Защита от сухого хода HIDROSTOP","шт",null,905]
["Выключатель уровня MINIMATIC","шт",null,1350]
["Канализационная установка GRUNDFOS SOLOLIFT 2 C-3","шт",null,24850]
["Канализационная установка GRUNDFOS SOLOLIFT-2WC-1","шт",null,23800]
["Канализационная установка GRUNDFOS SOLOLIFT 2 WC-3","шт",null,35000]
["Канализационная установка GRUNDFOS SOLOLIFT 2СWC-3","шт",null,23100]
["Канализационная установка GRUNDFOS SOLOLIFT+ C-3","шт"]
["Канализационная установка GRUNDFOS SOLOLIFT+WC","шт",null,16400]
["Канализационная установка GRUNDFOS SOLOLIFT+WC-3","шт",null,21300]
["Канализационная установка WILO DrainLift L1/10","шт",null,128494]
["Канализационная установка WILO DrainLift L1/15","шт",null,140209]
["Канализационная установка WILO DrainLift L2/10","шт",null,228404]
["Канализационная установка WILO DrainLift L2/15","шт",null,244992]
["Канализационная установка WILO Drainlift M1","шт"]
["Канализационная установка WILO Drainlift M2","шт",null,165600]
["Канализационная установка WILO KH 32-0,4 EM","шт",null,22500]
["Клапан канализационный вакуумный РР 50","шт",null,199]
["Клапан канализационный вакуумный OST 50","шт",null,455]
["Клапан канализационный вакуумный 100","шт",null,490]
["Клапан канализационный вакуумный OST 100","шт",null,1185]
["Клапан канализационный вакуумный HL900 DN 50/70/10","шт",null,2890]
["Затвор канализационный HL710.1 (с фикс.) DN110","шт",null,13900]
["Клапан канализационный обратный HL4 DN50","шт",null,1850]
["Клапан канализационный обратный 110 с 1затв Кessel","шт"]
["Трап канализационный HL310NPr DN 50/70/100 (вертик","шт",null,3690]
["Трап канализационный HL510NPr DN 50 (гориз. выпуск","шт",null,3150]
["Трап канализационный HL72N DN 100 (гориз. выпуск)","шт",null,4200]
["Трап D110 верт. 150х150 пл. решетка","шт",null,390]
["Трап D110 гориз. 150х150 пл. решетка","шт",null,450]
["Трап D50 верт. 100х100 мет. решетка","шт",null,240]
["ФИТИНГИ, ВОДОНАГРЕВАТЕЛИ"]
["Бочата 1/2","шт",null,35]
["Бочата 3/4","шт",null,55]
["Бочата 1","шт",null,115]
["Бочата 1 1/4","шт",null,180]
["Бочата 1/2-3/8","шт",null,39]
["Бочата 1/2-3/4","шт",null,47]
["Бочата 1/2-1","шт",null,85]
["Бочата 3/4-1","шт",null,69]
["Бочата 1-1 1/4","шт"]
["Бочата  чуг. 1/2","шт",null,18]
["Бочата  чуг. 3/4","шт",null,26]
["Бочата  чуг. 1","шт",null,36]
["Бочата  чуг. 1 1/4","шт",null,60]
["Бочата  чуг. 1 1/2","шт",null,70]
["Муфта  1/2","шт",null,48]
["Муфта  3/4","шт",null,75]
["Муфта  1","шт",null,107]
["Муфта  переход 1/2-3/8","шт",null,38]
["Муфта  переход 1/2-3/4","шт",null,70]
["Муфта  переход 1-1/2","шт",null,115]
["Муфта  переход 1-3/4","шт",null,100]
["Муфта  переход 1-1 1/4","шт",null,149]
["Муфта  переход 1 1/4 -3/4","шт",null,170]
["Муфта  чуг. 1/2","шт",null,17]
["Муфта  чуг. 3/4","шт",null,18]
["Муфта  чуг. 1","шт",null,40]
["Муфта  чуг. 1 1/4","шт",null,60]
["Муфта  чуг. 1 1/2","шт",null,56]
["Муфта  чуг. 2","шт",null,115]
["Муфта  переход чуг. 1/2-3/4","шт",null,25]
["Муфта  переход чуг. 1-3/4","шт",null,45]
["Муфта  переход чуг. 1-1 1/4","шт",null,75]
["Муфта  переход чуг. 1-1 1/2","шт",null,95]
["Муфта  переход чуг. 1 1/4-3/4","шт",null,80]
["Муфта  переход чуг. 1 1/2-1 1/4","шт",null,100]
["Тройник  1/2 г/г/г","шт",null,84]
["Тройник  1/2 ш/ш/ш","шт",null,87]
["Тройник  3/4 г/г/г","шт",null,132]
["Тройник  3/4 ш/ш/ш","шт",null,130]
["Тройник  1 г/г/г","шт",null,224]
["Тройник  чуг. 1/2 г/г/г","шт",null,60]
["Тройник  чуг. 3/4  г/г/г","шт",null,80]
["Тройник  чуг. 1 г/г/г","шт",null,69]
["Тройник  чуг. 1 1/4 г/г/г","шт",null,105]
["Футорка 1/2-1/4","шт",null,26]
["Футорка 1/2-3/8","шт",null,21]
["Футорка 1/2-3/4","шт",null,42]
["Футорка 1-1/2","шт",null,79]
["Футорка 1-3/4","шт",null,72]
["Футорка 1 1/4-1/2","шт",null,96]
["Футорка 1 1/4-3/4","шт",null,122]
["Футорка 1 1/4-1","шт",null,96]
["Футорка  чуг. 1/2-3/4","шт",null,15]
["Футорка  чуг. 1-1/2","шт",null,20]
["Футорка  чуг. 1-3/4","шт",null,18]
["Футорка  чуг. 1 1/4-1","шт",null,22]
["Крестовина  чуг. 1/2 г/г","шт",null,55]
["Крестовина  чуг. 3/4 г/г","шт",null,130]
["Уголок  1/2 г/г","шт",null,72]
["Уголок  1/2 г/ш","шт",null,95]
["Уголок  1/2 ш/ш","шт",null,86]
["Уголок  3/4 г/г","шт",null,118]
["Уголок  3/4 г/ш","шт",null,155]
["Уголок  3/4 ш/ш","шт",null,112]
["Уголок  1 г/г","шт",null,195]
["Уголок  1 г/ш","шт",null,170]
["Уголок  чуг. 1/2 г/г","шт",null,19]
["Уголок  чуг. 1/2 г/ш","шт",null,23]
["Уголок  чуг. 3/4 г/г","шт",null,30]
["Уголок  чуг. 3/4 г/ш","шт",null,22]
["Уголок  чуг. 1 г/г","шт",null,47]
["Уголок  чуг. 1 1/4 г/г","шт",null,80]
["Уголок  чуг. 1 1/2 г/г","шт",null,130]
["Заглушка - 3/8 в/р","шт",null,16]
["Заглушка - 1/2 в/р","шт",null,30]
["Заглушка - 3/4 в/р","шт",null,50]
["Заглушка - 1 в/р","шт",null,62]
["Заглушка - 3/8 н/р","шт",null,16]
["Заглушка - 1/2 н/р","шт",null,35]
["Заглушка - 3/4 н/р","шт",null,35]
["Заглушка - 1 н/р","шт",null,80]
["Бочата 1/2*30 удл. хр","шт",null,90]
["Бочата 1/2*50 удл. хр","шт",null,170]
["Бочата 1/2*75 удл. хр","шт",null,165]
["Бочата 1/2*100 удл. хр","шт",null,156]
["Бочата 3/4х50 удл.","шт",null,160]
["Бочата 3/4х75 удл.","шт",null,199]
["Бочата 3/4х100 удл.","шт",null,250]
["Удл. гайка 1/2 10мм","шт",null,40]
["Удл. гайка 1/2 15мм","шт",null,45]
["Удл. гайка 1/2 20мм","шт",null,60]
["Удл. гайка 1/2 25мм","шт",null,70]
["Удл. гайка 1/2 30мм","шт",null,80]
["Удл. гайка 1/2 40мм","шт",null,125]
["Удл. гайка 1/2 50мм","шт",null,100]
["Удл. гайка 1/2 55мм","шт",null,100]
["Удл. гайка 1/2 60мм","шт",null,140]
["Удл. гайка 1/2 70мм","шт",null,130]
["Удл. гайка 1/2 80мм","шт",null,175]
["Удл. гайка 1/2 80мм TIEMME","шт",null,175]
["Удл. гайка 1/2 90мм","шт",null,155]
["Удл. гайка 1/2 100мм","шт",null,215]
["Удл. гайка 3/4 10мм","шт",null,71]
["Удл. гайка 3/4 20мм","шт",null,100]
["Удл. гайка 3/4 25мм","шт",null,98]
["Удл. гайка 3/4 30мм","шт",null,105]
["Удл. гайка 3/4 40мм","шт",null,133]
["Удл. гайка 3/4 50мм","шт",null,154]
["Удл. гайка 3/4 60мм","шт",null,174]
["Цанга г 1/2\" RR125F","шт",null,70]
["Цанга ш 1/2\" RR125","шт",null,67]
["Цанга -цанга прямая хром 10х3/8 х10 RR 522D","шт",null,80]
["Уголок цанга штуцер 1/2 *10  RR 126 М","шт",null,165]
["Уголок цанга-цанга","шт",null,160]
["Трубка медная хр. 10мм*1м RR 111","шт",null,297]
["Трубка медная хр. 10мм*1,5м RR 111","шт",null,445]
["Трубка медная хр. 10мм*5м RR 111","шт",null,350]
["Трубка мед/хр 10мм*35см RR114M под смес.","шт",null,95]
["Трубка мед/хр. 10мм*35см RR114  с нак/гайкой","шт",null,145]
["Трубка мед/хр. 10мм*35см RR114F с цангой","шт",null,135]
["Водоотвод 1/2","шт",null,160]
["Водоотвод 3/4","шт",null,275]
["Водоотвод 1","шт",null,350]
["Крепеж для унитаза","шт",null,40]
["Крепеж тюльпан","шт",null,86]
["Крепеж костыль","шт",null,33]
["Водомер ЛИДЕР УВС-15Г (ун)","шт",null,400]
["Авт. воздушник 3/8","шт",null,179]
["Авт. воздушник 1/2","шт",null,329]
["Авт. воздушник 1/2 угл.","шт",null,200]
["Кран Маевского М10","шт",null,40]
["Кран Маевского 3/8","шт",null,30]
["Кран Маевского 1/2","шт",null,55]
["Расшир. бак для отопления 8","шт",null,1000]
["Расшир. бак для отопления 12","шт",null,950]
["Расшир. бак для отопления 18","шт",null,990]
["Расшир. бак для отопления 24","шт",null,1100]
["Расшир. бак для отопления 35","шт",null,1650]
["Расшир. бак для отопления 50","шт",null,2100]
["Расшир. бак для отопления 80","шт",null,2800]
["Расшир. бак для отопления 100","шт",null,3900]
["Расшир. бак для отопления 200","шт",null,5990]
["Расшир. бак для отопления 500","шт",null,19200]
["Расшир. бак водоснабжения 8","шт",null,790]
["Расшир. бак водоснабжения 18","шт",null,1100]
["Расшир.бак водоснабжения 24","шт",null,1290]
["Расшир. бак водоснабжения 50","шт",null,3200]
["Расшир. бак водоснабжения 80","шт",null,4580]
["Расшир. бак водоснабжения 100","шт",null,5500]
["Расшир. бак водоснабжения 200","шт",null,11600]
["Крепление для мембранных баков 8-35","шт",null,500]
["Водонагреватель ARISTON ABS PRO ECO 50V","шт",null,5900]
["Водонагреватель ARISTON ABS PRO ECO 80V Slim","шт",null,7400]
["Водонагреватель ARISTON ABS PRO ECO 100V","шт",null,7200]
["Водонагреватель ARISTON ABS PRO ECO 100Н","шт",null,7400]
["Водонагреватель ARISTON ABS PRO ECO 150V","шт",null,11900]
["Водонагреватель ARISTON ABS SHT 30V","шт",null,9835]
["Водонагреватель ARISTON ABS SHT 50V","шт",null,11500]
["Водонагреватель ARISTON ABS SHT 100V","шт",null,15900]
["Водонагреватель ARISTON ABS SHT-EL 100V","шт",null,19400]
["Водонагреватель ARISTON ABS VLS INOX PW 80","шт",null,15795]
["Водонагреватель ARISTON ABS VLS INOX PW 100","шт",null,18980]
["Водонагреватель ARISTON ABS VLS PW 30","шт",null,8500]
["Водонагреватель ARISTON ABS VLS PW 50","шт",null,11450]
["Водонагреватель ARISTON ABS VLS PW 80","шт",null,12150]
["Водонагреватель ARISTON ABS VLS PW 100","шт",null,17300]
["Водонагреватель ARISTON NTS FLAT 80V PW (RE)","шт",null,10900]
["Водонагреватель ARISTON NTS FLAT 100V PW (RE)","шт",null,13100]
["Водонагреватель ARISTON Shape 15 R/5 (под рак.)","шт",null,5440]
["Водонагреватель ARISTON Shape 15 R/5 (над рак.)","шт",null,5440]
["Водонагреватель ARISTON Ti Shape 10 UR","шт",null,4850]
["Водонагреватель ARISTON Ti Shape QВ 50 V","шт",null,8280]
["Водонагреватель Gorenje OGB 50 SEDDB6","шт"]
["Водонагреватель Gorenje Simplicity OTG 50 SLSM BB6","шт",null,8500]
["Водонагреватель Gorenje TGR 150 NB6","шт",null,12150]
["Водонагреватель Gorenje TG 50 NB6","шт",null,7200]
["Водонагреватель Gorenje TG 80 NB6","шт",null,7200]
["Водонагреватель Gorenje TG 100 NB6","шт",null,8900]
["СМЕСИТЕЛИ"]
["Смес. ORAS Electra 230В 6100 бесконт. д/ум.","шт",null,18550]
["Смес. ORAS Electra бесконт. д/ум. с вын. бл/пит.","шт",null,13900]
["Смеситель ORAS Hydra стационарный душ.компл. 392","шт",null,24500]
["Смес. ORAS New Saga д/биде 100 мм. 1918F","шт",null,4230]
["Смес. ORAS New Saga д/ванны душа 1942Y","шт",null,7950]
["Смес. ORAS New Saga д/ванны/душа 1940Y","шт",null,5200]
["Смес. ORAS New Saga д/душа 1960Y","шт",null,4650]
["Смеситель ORAS New Saga д/душа со стойкой 1966Y","шт",null,7500]
["Смес. ORAS New Saga д/кухни 1930F","шт",null,4550]
["Смес.ORAS New Saga д/кухни,с подкл п/м/м1934F","шт",null,3600]
["Смес.ORAS New Saga д/кухни, высок/излив 1933","шт",null,4400]
["Смес.ORAS New Saga д/кухни, высок/излив 1933F","шт",null,4850]
["Смеситель ORAS New Saga д/кухни, наст монтаж 1937Y","шт",null,3950]
["Смес. ORAS New Saga д/ум.c гиг/ душем100мм 1908F","шт",null,4900]
["Смеситель ORAS New Saga д/умыв. c гиг. душем 1912F","шт",null,5900]
["Смес. ORAS New Saga д/ум. мед. подв 1910","шт",null,2990]
["Смес. ORAS New Saga д/ум. 1910F","шт",null,4000]
["Смес. ORAS Safira  д/умыв. 1010","шт",null,3880]
["Смес. ORAS Safira Classica д/биде 292","шт",null,3450]
["Смес. ORAS Safira Classica д/ванны/душа 250 мм","шт",null,5475]
["Смес. ORAS Safira Classica д/ванны/душа 300мм","шт",null,6478]
["Смес. ORAS Safira Classica д/душа 5029","шт",null,3485]
["Смеситель ORAS Safira Classica д/умыв. 110 мм 282","шт",null,1961]
["Смес ORAS Safira Classica д/ум.с гиг/душ 283","шт",null,4355]
["Смес. ORAS Safira д/кухни, высок/излив 1038","шт",null,3350]
["Смеситель ORAS Nova 7460X душ + Apollo 320H","шт",null,7850]
["Смеситель ORAS Nova термостат д/ванны/душа,7446 Х","шт",null,10590]
["Смеситель Oras Optima термостат для душа 7160Y","шт",null,8500]
["Смеситель ORAS SOLINA д/ванны/душа1995Y комплект","шт",null,6350]
["Смеситель ORAS SOLINA д/ванны/душа1997Y комплект","шт",null,7200]
["Смеситель ORAS SOLINA д/кухни, высокий/излив 1999F","шт",null,2910]
["Смеситель ORAS SOLINA д/кухни, хром 1992F","шт",null,3200]
["Смеситель ORAS SOLINA д/умывальника, хром 1991F","шт",null,3100]
["Стационарный душевой комп. с р/упр Oras Hydra 392","шт",null,23500]
["Смеситель ORAS Cubista д/ванны термостат 2875U","шт",null,20790]
["Смеситель ORAS Cubista д/кухни 2838F","шт",null,10500]
["Смеситель ORAS Cubista д/умыв 2805F","шт",null,9700]
["Гарнитура душевая ORAS Apollo 253040","шт",null,1750]
["Гарнитура душевая  ORAS Apollo 320H","шт",null,3100]
["Держатель д/душ насадки нерегулируемый 251500","шт",null,210]
["Душ штанга Oras Sensiva 253010","шт",null,2600]
["Душевая насадка  для биде ORAS  BIDETTA 242050","шт",null,1300]
["Душевая насадка ORAS Fontana 242100","шт",null,2990]
["Эксцентрик ORAS 203105/2, пара","шт",null,470]
["Шланг полимер хром 1500 мм","шт",null,690]
["Шланг полимер хром 2000 мм","шт",null,950]
["Душевая головка, с шар. соед. Д-15 RR 353 15","шт",null,829]
["Душевая головка, с шар. соед. Д-15 RR 354PL 16 см","шт",null,1700]
["Душевая головка, с шар. соед. Д-15 RR 353 23","шт",null,765]
["Душевая головка, с шар. соед. Д-15 RR 354DV 24 см","шт",null,1150]
["Отвод для душевой головки 1/2-20 см. RR 343","шт",null,245]
["Отвод для душевой головки 1/2-20 см. RR 344","шт",null,750]
["Отвод для душевой головки 1/2-20 см. RR 346","шт",null,1360]
["Отвод для душевой головки 1/2-30 см. RR 343","шт",null,269]
["Отвод для душевой головки 1/2-40 см. RR 343","шт",null,250]
["Смеситель д/биде P-16 STAR","шт",null,1890]
["Смеситель д/душа P-12 STAR","шт",null,2190]
["Смеситель д/душа SAS 1104 (H601) 40 мм","шт",null,995]
["Смеситель д/кухни P-20 SHER","шт",null,1560]
["Смеситель д/кухни T-33 SHER*","шт",null,2150]
["Смеситель д/умывальника наст. SAS 7006-1 (Н506)1/2","шт",null,910]
["Смеситель д/умывальника P-18 SHER","шт",null,2350]
["Смеситель д/умывальника P-18 STAR","шт",null,2450]
["Смеситель-дозатор (антивандальный)","шт",null,3920]
["Смеситель для душа хром FOCUS-E2 HANSGROHE","шт",null,4100]
["Смеситель д/душа HANSGROHE Axor Uno 38615000","шт",null,7900]
["Смеситель д/ванны FOCUS E2 HANSGROHE","шт",null,4100]
["Смеситель HANSGROHE д/душа Talis S2 32475000","шт",null,4120]
["Смеситель для биде одноручный \"СЛИМЛАЙН 1Г\"","шт",null,4550]
["Смес.AQUALUX AURA д/ванны без душ. гарнит.SH-2511","шт",null,950]
["Смес.AQUALUX LEGEND д/ванны с дл.из б/д/гSH-1713R2","шт",null,1500]
["Смес. AQUALUX ORION д/умывальника SH-2015","шт",null,1350]
["Смес.AQUALUX ULTRA д/ванны без душ. гарнит.SH-6211","шт",null,1600]
["Смес.AQUALUX ULTRA д/раковины с дон.клапан SH-6215","шт",null,1400]
["Сифон SM1210-1 1/2*40 с отв.д/ст/м","шт",null,120]
["Сифон AАНИ ГРОТ 1 1/2*40 с переливом мойки","шт",null,110]
["Сифон Е155АНИ д/ван.с вып.и пер.с г/т40х50 11/2*40","шт",null,300]
["Сифон  Е155 АНИ д/ванны с вып.и пер.1 1/2*30","шт",null,295]
["Сифон Е250 АНИ д/ванны с вып.и пер.1 1/2*40","шт",null,215]
["Сифон М/Э 1 1/2*40 с гибк.трубой 40х40*50 (6760)","шт",null,150]
["Сифон  С0115 Ани 1 1/2*40 с гибк.трубой 40х40*50","шт",null,170]
["Сифон для раковины хр. бутылочный VIEGA 5754","шт"]
["Гофр.тр.GT2034 11/4*32/40 L=800мм","шт",null,40]
["Гофра 40х50 А-103/40","шт",null,68]
["Гофрированная труба  1 1/240/50 (К106)","шт",null,57]
["Гофрированная труба  1 1/4*40 (К204)","шт",null,27]
["Выпуск для сифона 32 Ду63 б/пробки SV2065","шт",null,62]
["Выпуск для сифона 40 Ду70  Б/пробки SV1070","шт",null,62]
["Выпуск для сифона 32 с нержавеющей сеткой VIEGA","шт",null,43]
["Выпуск для сифона 40 М100","шт",null,43]
["П/сушитель  М образный В 37Р50*50 1","шт",null,1580]
["П/сушитель  М образный В 37Р50*60 1","шт",null,1730]
["П/сушитель  М образный В 37Р60*60 1","шт",null,1730]
["П/сушитель  М-образный В 33Р50*40 1","шт",null,1350]
["П/сушитель  М-образный В 33Р50*50 1","шт",null,1490]
["П/сушитель  М-образный В 33Р50*60 1","шт",null,1650]
["П/сушитель  П-образный В 31Р32*50","шт",null,960]
["П/сушитель  П-образный В 31Р32*60","шт",null,1050]
["П/сушитель  П-образный В 35Р32*50","шт",null,860]
["П/сушитель  лесенка В 1Р60*40","шт",null,5200]
["П/сушитель  лесенка В 1Р60*50","шт",null,5640]
["П/сушитель  лесенка В 1Р80*50","шт",null,6850]
["П/сушитель  лесенка В 1Р80*60","шт",null,7280]
["П/сушитель  лесенка В 5Р100*60","шт",null,9750]
["П/сушитель  лесенка В 5Р60*40","шт",null,5900]
["П/сушитель  лесенка В 5Р60*50","шт",null,6240]
["П/сушитель  лесенка В 5Р80*50","шт",null,7100]
["П/сушитель  лесенка В 8Р100*50","шт",null,7760]
["П/сушитель  лесенка В 8Р100*60","шт",null,9200]
["П/сушитель  лесенка В 8Р60*40","шт",null,4950]
["П/сушитель  лесенка В 8Р60*50","шт",null,5640]
["П/сушитель  лесенка В 8Р80*50","шт",null,6520]
["П/сушитель  гусли В 26Р50*50","шт",null,2930]
["П/сушитель  гусли В 26Р50*60","шт",null,3150]
["П/сушитель  гусли В 26Р60*50","шт",null,2780]
["П/сушитель  гусли В 26Р60*60","шт",null,3150]
["Муфта для п/с 1х1/2","шт",null,570]
["Муфта для п/с 1х3/4","шт",null,570]
["Уголок для п/с 1х1/2","шт",null,720]
["Уголок для п/с 1х3/4","шт",null,720]
["Кронштейн для п/сушителя 1","шт",null,195]
[]
[]
[]
[null,"ИТОГО:",null,null,{"$f":"SUM(E1164:E1287)","v":0}]